000 00306nam a2200133 i 4500
001 bg
100 1 _aKIENIEWICZ, J.
245 0 _aOd ekspansji do dominacji /
_cJ. Kieniewicz.
260 _aWarszawa,
_c1986.
040 _cBPK
041 _apol
942 _cKS
008 s pl f |000 0 pol
999 _c23397
_d23397
856 _uhttp://koha.tu.koszalin.pl/cgi-bin/koha/opac-detail.pl?biblionumber=23397
_yKatalog online BPK